Becoming / (Registro nro. 14571)

Detalles MARC
000 -LEADER
fixed length control field 00736nam a2200241 a 4500
003 - CONTROL NUMBER IDENTIFIER
control field OSt
005 - DATE AND TIME OF LATEST TRANSACTION
control field 20240216094540.0
008 - FIXED-LENGTH DATA ELEMENTS--GENERAL INFORMATION
fixed length control field 100811s2018 xx 000 0 spa d
020 ## - INTERNATIONAL STANDARD BOOK NUMBER
International Standard Book Number 978025633754
040 ## - CATALOGING SOURCE
Original cataloging agency DO-SdBNP
Language of cataloging spa
Transcribing agency BPMSU
082 #4 - DEWEY DECIMAL CLASSIFICATION NUMBER
Classification number 923.173
Item number O12b 2018
Edition number 22
100 1# - MAIN ENTRY--PERSONAL NAME
Personal name Obama, Michelle,
Dates associated with a name 1964-
100 z# - MAIN ENTRY--PERSONAL NAME
Personal name Gómez, Carlos Nina
245 10 - TITLE STATEMENT
Title Becoming /
Statement of responsibility, etc. Michelle Obama
260 ## - PUBLICATION, DISTRIBUTION, ETC. (IMPRINT)
Place of publication, distribution, etc. Estados Unidos :
Name of publisher, distributor, etc. The United States of America,
Date of publication, distribution, etc. 2018
300 ## - PHYSICAL DESCRIPTION
Extent xvi, 675v p. :
Other physical details il., fots. ;
Dimensions 23 cm.
500 ## - GENERAL NOTE
General note
590 ## - LOCAL NOTE (RLIN)
Local note Inventariado, 2024/VM
600 14 - SUBJECT ADDED ENTRY--PERSONAL NAME
Personal name Obama, Michelle
Dates associated with a name 1964-
650 #4 - SUBJECT ADDED ENTRY--TOPICAL TERM
Topical term or geographic name as entry element Esposas de presidentes
Form subdivision Biografías
Geographic subdivision Estados Unidos
Chronological subdivision
910 ## - USER-OPTION DATA (OCLC)
User-option data VMateo V. Control de calidad. BPMSU
942 ## - ADDED ENTRY ELEMENTS (KOHA)
Source of classification or shelving scheme Dewey Decimal Classification
Koha item type Libros
Existencias
Withdrawn status Lost status Source of classification or shelving scheme Damaged status Not for loan Collection code Home library Current library Date acquired Total Checkouts Full call number Barcode Date last seen Price effective from Koha item type
    Dewey Decimal Classification     Colección General Biblioteca Pública Metropolitana Salomé Ureña Biblioteca Pública Metropolitana Salomé Ureña 02/16/2024   BPMSU CG 923.173 O12b 2018 BPMSU24020333 02/16/2024 02/16/2024 Libros